Datum a čas kvízu
17.5
Celkem bodů
Celkový počet nahraných bodů na tomto kvízu bez doplňovacích otázek.
8.
Pořadí na kvízu
Konečné umístění týmu na tomto kvízu.
Zaznamenané odpovědi
| # | Otázka | Odpověď | Body | Výsledky |
|---|---|---|---|---|
| 1. | V jedné české zoologické zahra... | v Olomouci | 0 | |
| 2. | Jeden z vysoce postavených stá... | na Slovensku | 0 | |
| 3. | Jeden mezinárodní multikulturn... | United Islands of Prague | 0 | |
| 4. | Minulý týden byl na aukci v ji... | (zlaté) hodinky | 1 | |
| 5. | V neděli se konal tradiční Pra... | 29. ročník, Staroměstské náměstí | 1 | |
| 6. | Vítězné téma facebookového hla... | Baryk | 0 | |
| 7. | Jak se jmenoval herec, který v... | Ladislav Trojan | 0 | |
| 8. | Který zahraniční dětský seriál... | Tlapková patrola | 0 | |
| 9. | „Chip, Chip, Chip, Chip a Dale... | tajně vinu/fintu svou | 0 | |
| 10. | Ze které země pochází seriál V... | z Japonska | 0 |